Stanovenie hodnoty podniku diplomová práca

Salvato in:
Dettagli Bibliografici
Autore principale: Karabín, Andrej
Ente Autore: Ekonomická univerzita v Bratislave. Fakulta podnikového manažmentu
Altri autori: Kardoš, Peter
Natura: Libro
Lingua:slovacco
Pubblicazione: Bratislava 2010
Tags: Aggiungi Tag
Nessun Tag, puoi essere il primo ad aggiungerne!!

MARC

LEADER 00000nam a2200000 4500
001 0122158
005 20240318123501.7
041 0 |a slo 
044 |a SK 
245 1 0 |a Stanovenie hodnoty podniku  |b diplomová práca  |c Andrej Karabín ; škol. Peter Kardoš 
264 1 |a Bratislava  |c 2010 
300 |a 66 s. 
100 1 |a Karabín, Andrej 
700 1 |a Kardoš, Peter 
710 2 |a Ekonomická univerzita v Bratislave. Fakulta podnikového manažmentu